00542 2200205 4500001002100000005001500021008004100036020001600077035001900093041000700112082000800119090001400127100001800141700001300159245008700172250000600259260003300265300002200298650001600320INLIS00000000000242320241224112533241224||||||||| | ||| |||| || |  a978-979-756 0010-1224002423 aid0 a610 a610 RIY a0 aSujono Riyadi0 aSukarmin00aAsuhan Keperawatan pada Pasien dengan Gangguan Eksokrin dan Endokrin pada Pankreas al aYogyakartabGraha Ilmuc2008 axii+148 hlm;21 cm 0aImu Terapan